|
|
|
|
| LEADER |
01037nam a22002897a 4500 |
| 001 |
28174 |
| 003 |
BD-DhAAL |
| 005 |
20190523120030.0 |
| 008 |
140706s2007 enkab b 001 0 eng |
| 999 |
|
|
|c 32840
|d 32840
|
| 010 |
|
|
|a 2008295774
|
| 020 |
|
|
|a 9780470028278 (hbk.)
|
| 020 |
|
|
|a 0470028270 (hbk.)
|
| 040 |
|
|
|a UKM
|c UKM
|d BAKER
|d BTCTA
|d BWKUK
|d BWK
|d YDXCP
|d DLC
|d BD-DhAAL
|
| 041 |
|
|
|a eng
|
| 050 |
0 |
0 |
|a NA6002
|b .H375 2007
|
| 082 |
0 |
4 |
|a 726.10954
|2 22
|
| 100 |
1 |
|
|a Hardy, Adam,
|d 1953-
|9 5297
|
| 245 |
1 |
4 |
|a The temple architecture of India /
|c Adam Hardy.
|
| 260 |
|
|
|a Chichester ;
|a Hoboken, NJ :
|b John Wiley & Sons,
|c 2007.
|
| 300 |
|
|
|a 256 p. :
|b ill. (some col.), maps ;
|c 29 cm.
|
| 504 |
|
|
|a Includes bibliographical references and index.
|
| 526 |
|
|
|a ARC
|
| 541 |
|
|
|e 28174
|
| 650 |
|
0 |
|a Temples
|z India.
|9 5298
|
| 942 |
|
|
|2 ddc
|c BK
|
| 952 |
|
|
|0 0
|1 0
|2 ddc
|4 0
|6 726_109540000000000_HAR
|7 0
|9 42927
|a BRACUL
|b BRACUL
|c GEN
|d 2014-07-06
|e Trim Education
|g 14500.00
|l 7
|m 87
|o 726.10954 HAR
|p 3010028174
|r 2025-04-27
|s 2025-03-09
|t 1
|w 2014-07-06
|y BK
|